Statistics for teams with most world series wins

Click here to take the quiz!

General Stats

  • This quiz has been taken 333 times
  • The average score is 9 of 10

Answer Stats

HintAnswer% Correct
27New York Yankees
100%
5Cincinnati Reds
97%
5Los Angelos Dodgers
96%
7Boston Red Sox
94%
11St. Louis Cardinals
94%
5New York Giants
89%
5Pittsburg Pirates
80%
4Oakland Athletics
75%
5Philidelphia Athletics
75%
4Detroit Tigers
73%

Score Distribution

Percentile by Number Answered

Percent of People with Each Score

Your Score History

You have not taken this quiz